Los túneles de la mente: ¿qué se esconde tras nuestros errores?
محفوظ في:
| المؤلف الرئيسي: | |
|---|---|
| التنسيق: | كتاب |
| اللغة: | الإسبانية |
| منشور في: |
Barcelona
Grijalbo Mondadori
1995
|
| سلاسل: | Drakontos. Crítica
|
| الموضوعات: | |
| الوسوم: |
إضافة وسم
لا توجد وسوم, كن أول من يضع وسما على هذه التسجيلة!
|
MARC
| LEADER | 00000nam a2200000 a 4500 | ||
|---|---|---|---|
| 001 | UCN3870 | ||
| 003 | CL-VaPUC | ||
| 008 | 010713e19950000SP |||||||||||||||||spa|d | ||
| 082 | 0 | 4 | |a 127 |b PIA |2 21 |
| 100 | 0 | |a Piattelli Palmarini, Massimo |e author |9 460456 | |
| 245 | 1 | 4 | |a Los túneles de la mente: ¿qué se esconde tras nuestros errores? |
| 300 | |a 196 p | ||
| 942 | |c BK | ||
| 945 | |d 20010713 00:00:00 |a vberengu | ||
| 260 | |a Barcelona |b Grijalbo Mondadori |c 1995 | ||
| 650 | 7 | |a INCONSCIENTE |2 CL-VaPUC |9 334612 | |
| 650 | 7 | |a CIENCIAS DEL COMPORTAMIENTO |2 CL-VaPUC |9 460457 | |
| 650 | 0 | |a Psicología profunda |9 334257 | |
| 583 | |a last modification |c 20010713 00:00:00 |k Rodrigo Vera | ||
| 490 | 0 | |a Drakontos. Crítica | |
| 999 | |c 296541 |d 296539 | ||
| 952 | |0 0 |1 0 |4 0 |6 127_000000000000000_PIA_1995 |7 0 |8 A |9 350345 |a FDOPOS |b FDOPOS |d 2019-11-20 |i 3700585 |o 127 PIA 1995 |p 3700585 |r 2025-01-22 |w 2019-11-20 |y BK |k MLA | ||